| 000 | 00444nam a2200169Ia 4500 | ||
|---|---|---|---|
| 001 | 1085 | ||
| 008 | 140313s9999 xx 000 0 und d | ||
| 020 | _a174114101x | ||
| 040 | _cPK-LaUMT | ||
| 082 |
_a 155.9042 _bBUR-U |
||
| 100 | _aRobert B. Burns | ||
| 245 |
_aUnwind: _b10 ways to manage stress and imporve your wellbeing. _cRobert B. Burns |
||
| 250 | _a2nd | ||
| 260 |
_aKundli: _bAllen & Unwin, _c2004. |
||
| 300 | _a257 p. | ||
| 942 | _cBK | ||
| 999 |
_c1394 _d1394 |
||